| 000 | 00821cam a2200193 4500 | ||
|---|---|---|---|
| 001 | WB3802-24 | ||
| 008 | 020116n2002 000 0 eng u | ||
| 035 | _a(Sirsi) u116330 | ||
| 245 | _aOffice occupiers attack industry | ||
| 260 | _c2002 | ||
| 490 |
_aEstates Gazette _v(0202) 12 January 2002, 26 (1) |
||
| 520 | _aA report by the British Council for Offices (BCO) attacks UK office agents and developers as out of touch with clients' needs. BCO also attacks landlords for being inflexible and deal-orientated. This report will be discussed at the BCO conference in May this year. | ||
| 590 | _aWB | ||
| 650 | _aOFFICE OCCUPIERS | ||
| 650 | _aCUSTOMER SERVICE | ||
| 650 | _aPROPERTY-COMMERCIAL PROPERTY-OFFICE PROPERTY-OFFICE PROPERTY MARKET | ||
| 690 | _aLANDLORD AND TENANT-BUSINESS TENANCIES | ||
| 942 | _n0 | ||
| 999 |
_c69294 _d69294 |
||